Score 0/40 Timer 08:00
22 Plays Today
Life Expectancy Country % Correct
Highest Life ExpectancyJapan
90.4%
Highest Life ExpectancySweden
87.8%
Highest Life ExpectancyNorway
85%
Highest Life ExpectancyFrance
84.4%
Highest Life ExpectancyCanada
84.1%
Highest Life ExpectancyGermany
83%
Highest Life ExpectancyItaly
79.7%
Highest Life ExpectancySpain
78.2%
Highest Life ExpectancyAustralia
75.3%
Highest Life ExpectancySwitzerland
72.2%
Lowest Life ExpectancyNiger
68.7%
Highest Life ExpectancyNew Zealand
67.6%
Highest Life ExpectancyNetherlands
65.6%
Highest Life ExpectancyIceland
65.2%
Lowest Life ExpectancySomalia
64.4%
Highest Life ExpectancyMonaco
63.2%
Lowest Life ExpectancyNigeria
62.8%
Lowest Life ExpectancySouth Africa
62.8%
Highest Life ExpectancyIreland
62.6%
Lowest Life ExpectancyChad
62.3%
Life Expectancy Country % Correct
Lowest Life ExpectancyZimbabwe
58.3%
Lowest Life ExpectancyMali
55.6%
Highest Life ExpectancyAndorra
53.7%
Lowest Life ExpectancyLesotho
53.5%
Highest Life ExpectancyLiechtenstein
52.7%
Lowest Life ExpectancyUganda
52.7%
Highest Life ExpectancySan Marino
51.4%
Lowest Life ExpectancyZambia
51.3%
Lowest Life ExpectancyCentral African Republic
51.2%
Lowest Life ExpectancyeSwatini
50.1%
Lowest Life ExpectancyMozambique
49.4%
Lowest Life ExpectancyBotswana
47.3%
Lowest Life ExpectancyNamibia
47.1%
Highest Life ExpectancySingapore
46.2%
Lowest Life ExpectancyAfghanistan
46.1%
Lowest Life ExpectancyMalawi
44.7%
Highest Life ExpectancyIsrael
40.2%
Lowest Life ExpectancyGabon
37.9%
Lowest Life ExpectancyBurkina Faso
36.8%
Lowest Life ExpectancyGuinea-Bissau
35.8%
Come Together.
Have Fun.
All Virtual.
We all need to come together. Play Sporcle's virtual live trivia to have fun, connect with people, and get your trivia on. Join a live hosted trivia game for your favorite pub trivia experience done virtually. If a virtual private party is more your thing, go here for details.

You're not logged in!

Compare scores with friends on all Sporcle quizzes.
OR
Log In

Sporcle TV

Today on Sporcle TV


Watch our educational content, quiz creation guides, and fun videos on Sporcle TV.

Show Comments

Extras

Top Quizzes Today


Score Distribution

Paid Content

Your Account Isn't Verified!

In order to create a playlist on Sporcle, you need to verify the email address you used during registration. Go to your Sporcle Settings to finish the process.

Report this User

Report this user for behavior that violates our Community Guidelines.

Details: